logo

Bir Sreshtho Munshi Abdur Rouf Library
Jhenaidah Cadet College

উচ্চ মাধ্যমিক জ্যামিতি ও ক্যালকুলাস / (Record no. 5471)

MARC details
000 -LEADER
fixed length control field 00848nam a2200253 a 4500
001 - CONTROL NUMBER
JCCL Control Number 5471
003 - CONTROL NUMBER IDENTIFIER
JCCL marc code BD-JhCC
005 - DATE AND TIME OF LATEST TRANSACTION
control field 20191224134018.0
008 - FIXED-LENGTH DATA ELEMENTS--GENERAL INFORMATION
fixed length control field 171217s1998 bg a|||| || | 000 0 ben d
035 ## - SYSTEM CONTROL NUMBER
system control number (BD-JhCC)5471
040 ## - CATALOGING SOURCE
Original cataloging agency BD-JhCC
Modifying agency BD-JhCC
041 ## - LANGUAGE CODE
Language code of Book ben
082 ## - DEWEY DECIMAL CLASSIFICATION NUMBER
Classification number 516
Author mark and Year AHM 2000
100 ## - MAIN ENTRY--PERSONAL NAME
Personal name আহাম্মদ, এস ইউ
245 ## - TITLE STATEMENT
Title উচ্চ মাধ্যমিক জ্যামিতি ও ক্যালকুলাস /
Statement of responsibility, etc সুরুজ উদ্দিন আহাম্মদ ও মো: আব্দুল জব্বার
250 ## - EDITION STATEMENT
Edition statement 3rd ed.
260 ## - PUBLICATION, DISTRIBUTION, ETC. (IMPRINT)
Place of publication, distribution, etc ঢাকা :
Name of publisher, distributor, etc আলফা প্রকাশনী,
Date of publication, distribution, etc 1998.
300 ## - PHYSICAL DESCRIPTION
Pagination 208 p. :
Dimensions 24 cm.
650 ## - SUBJECT ADDED ENTRY--TOPICAL TERM
Topical term or geographic name as entry element Geometry
650 ## - SUBJECT ADDED ENTRY--TOPICAL TERM
Topical term or geographic name as entry element Calculas
700 ## - ADDED ENTRY--PERSONAL NAME
Personal name জব্বার, এম, এ,
942 ## - ADDED ENTRY ELEMENTS (KOHA)
Source of classification or shelving scheme Dewey Decimal Classification
Koha item type Books
Koha issues (borrowed), all copies 4
Holdings
Source of classification or shelving scheme Damaged status Not for loan Home library Current library Shelving location Date of accession Cost, normal purchase price Total Checkouts Full call number Barcode Date last seen Copy number Koha item type Date checked out Method of acquisition Currency
Dewey Decimal Classification     JCC Rouf Library JCC Rouf Library General Stacks 12/17/2017 52.00   516 AHM 2000 7313 12/17/2017 C - 2 Books      
Dewey Decimal Classification     JCC Rouf Library JCC Rouf Library General Stacks 12/17/2017 52.00 2 516 AHM 2000 7312 01/25/2020 C - 3 Books 12/23/2019    
Dewey Decimal Classification     JCC Rouf Library JCC Rouf Library General Stacks 12/17/2017 52.00   516 AHM 2000 7311 12/17/2017 C - 4 Books      
Dewey Decimal Classification     JCC Rouf Library JCC Rouf Library General Stacks 02/15/2018 52.00   516 AHM 1998 7314 02/15/2018 C-1 Books      
Dewey Decimal Classification     JCC Rouf Library JCC Rouf Library General Stacks 06/23/2023 52.00   516 AHM 2000 7910 07/30/2023 C-5 Books   Purchase BDT

JCC Library | Contacts | JCC Home

Last Update on 23 September 2017
Copyright @ 2017-2020 JCC Rouf Library
Rouf Library, Jhenidah Cadet College (JCC), Bangladesh